000 00543nam a2200181Ia 4500
003 OSt
005 20240925113053.0
008 220927b |||||||| |||| 00| 0 eng d
040 _aSDCL
_cSDCL
_beng
041 _2hin
_ahin
082 _aR 152 L3
100 _aPatrick, George Thomas White.
_9451173
245 0 _aDarshanshastra ka parichay.
260 _aChandigarh:
_bHaryana Hindi Granth Academy,
_c1973.
300 _axii,514p.
942 _hR 152 L3
_cTEXL
_2CC
999 _c765273
_d765273